000 00789nas a2200265Ia 4500
001 dg59-28114 [d000003294]
003 IT-MiCISF
008 161014c99999999xx |||||||||||| ||und||
040 _aIT-MiCISF
_cIT-MiCISF
041 _aITALIANO
100 _aGuglielmi Carla
210 _aMadre
222 _aMadre
245 0 _aPerché consultori, per chi
250 _a1a ed.
260 _c1999
501 _bCISF - Centro Internazionale Studi Famiglia - Via Giotto, 36 20145 MILANO (non commercial uses only)
_cCopyright 2016
300 _app. 6-11
362 _a n. 2, febbraio [1999]
500 _a Tema: consultori, famiglia, chiesa, esperienze
650 _aFAMIGLIA - consulenza familiare
_varticolo
700 _aAA.VV.
942 _cCR
957 _71
999 _a28114
_bSi
_g1
_c219440
_d219440